000 00597nam a22002057a 4500
999 _c2641
_d2641
003 OSt
005 20230802145759.0
008 230802b ||||| |||| 00| 0 eng d
020 _a9789672868330
040 _cKH8
082 _a400 SYA
100 _aSyahril Othman,
_eauthor.
245 _aIGCSE Malay Reading Model Paper 2 Volume 1 /
_cSyahril Othman.
260 _aMalaysia:
_bSyahril Education Enterprise.
300 _a100 pages,
_billustrations.
440 _aIGCSE Malay Reading Model
_n2
_v1
651 _aMalaysia
_vMalay language
651 _aMalaysia
_vMalay grammar
942 _2ddc
_cTR